AMC 50 Greatest Actresses of All Time - Statistics

General Stats
  • This quiz has been taken 1,560 times
  • The average score is 23 of 50
Answer Stats
Hint Answer % Correct
Meryl Streep
90%
Audrey Hepburn
88%
Katharine Hepburn
86%
Bette Davis
74%
Elizabeth Taylor
72%
Marilyn Monroe
71%
Vivien Leigh
67%
Julia Roberts
65%
Grace Kelly
61%
Ingrid Bergman
61%
Judi Dench
59%
Jane Fonda
57%
Joan Crawford
55%
Judy Garland
55%
Kate Winslet
55%
Cate Blanchett
53%
Nicole Kidman
53%
Julie Andrews
51%
Greta Garbo
50%
Sandra Bullock
50%
Sophia Loren
50%
Jodie Foster
49%
Sally Field
49%
Angelina Jolie
46%
Diane Keaton
46%
Halle Berry
46%
Lauren Bacall
45%
Natalie Portman
42%
Shirley MacLaine
40%
Ava Gardner
39%
Rita Hayworth
39%
Natalie Wood
37%
Barbra Streisand
36%
Claudette Colbert
34%
Joan Fontaine
33%
Marlene Dietrich
33%
Barbara Stanwyck
32%
Ginger Rogers
32%
Reese Witherspoon
30%
Doris Day
28%
Deborah Kerr
27%
Mary Pickford
27%
Olivia de Havilland
25%
Mae West
23%
Susan Hayward
22%
Carole Lombard
18%
Jean Harlow
18%
Maureen O'Hara
15%
Myrna Loy
14%
Jean Arthur
11%
No matching quizzes found
Score Distribution
Percent of People with Each Score
Percentile by Number Answered
Your Score History
You have not taken this quiz